10 stades de l'ivresse (Saint-Amour - Statistiques

Statistiques générales
  • Ce quiz a été pris 24 fois
  • Le résultat moyen est 2 sur 11
Statistiques - réponses
Hint Réponse % Correct
Stade 8 Le sex
100%
Stade 5 L'amour
67%
Stade 5 La violence
33%
Stade 9 Le sommeil
33%
Stade 1 La détente
0%
Stade 7 La fin
0%
Stade 10 La honte
0%
Stade 2 La libération
0%
Stade 4 La torpeur
0%
Stade 3 La vérité
0%
Stade 6 Le pathétique
0%
Aucun quiz correspondant
Distribution des résultats
% des personnes avec chaque résultat
Percentile par nombre de réponses
Votre historique - résultats
Vous n’avez pas pris ce quiz